| 000 | 00574nam a2200205Ia 4500 | ||
|---|---|---|---|
| 005 | 20250508165249.0 | ||
| 008 | 008 250505s9999 xx 000 0 hin d | ||
| 020 | _a978-93-80146-72-0 | ||
| 037 | _aTextual | ||
| 040 |
_aFEDL _beng _cFEDL |
||
| 041 |
_ahin _2eng |
||
| 084 |
_a891.43, SIN _qFEDL |
||
| 100 | _aSingh Shankar Dayal | ||
| 245 | 0 | _aHindi: Rashtrabhasha, Rajbhasha, Janbhasha | |
| 260 |
_aNew Delhi, India _bKitabghar Prakashan _c2011 |
||
| 300 | _a186p. | ||
| 365 |
_aINR _b160 |
||
| 942 |
_cTEXL _h891.43, SIN |
||
| 999 |
_c1394124 _d1394124 |
||